000 01360nam a22001577a 4500
041 _aukr
080 _a09
090 _bРОЗ
100 _aРозіт А.Є.
245 _aКонцепти "страждання" та "любов" у романі Стівена Кінга "Misery"
260 _aОстрог
_bКАФ
_c2012
300 _a55
520 _aВступ. Розділ 1. Трактування поняття "концепт" у науковій літературі. 1.1. Концепт як базова категорія когнітивної лінгвістики та етимологія терміну. 1.2. Поняття "концепт" у лінгвістичній літературі. Розділ 2. Презентація концепту "страждання" у творі Стівена Кінга "Misery". 2.1. Психологічне представлення концепту. 2.2. Філософське осмислення концепту "страждання" та "любов". 2.3. Репрезентація концепту "страждання" у різних галузях, мистецтві та літературі. Висновки. Список використаних джерел.
_0лінгвістика, літературознавство
650 _aResearch Papers
999 _c284929
_d284929
942 _cBK